|
|
|
|
| LEADER |
00944nam a2200241 a 4500 |
| 001 |
13620950 |
| 008 |
101004r20102005njua 001 0 eng d |
| 010 |
|
|
|a 2004274831
|
| 020 |
|
|
|a 0130138282 (hb)
|
| 020 |
|
|
|a 9788131709306
|
| 040 |
|
|
|a *HKP*
|c *HKP*
|d RPB
|d CStRLIN
|d DLC
|d BD-DhAAL
|
| 082 |
0 |
0 |
|a 004.6
|2 22
|
| 100 |
1 |
|
|a Tomasi, Wayne.
|
| 245 |
1 |
0 |
|a Introduction to data communications and networking /
|c Wayne Tomasi.
|
| 260 |
|
|
|a Upper Saddle River, N.J. ;
|a New Delhi :
|b Pearson/Prentice Hall,
|c c2005.[Reprinted 2010]
|
| 300 |
|
|
|a 985 p. :
|b ill. (some col.) ;
|c 26 cm.
|
| 500 |
|
|
|a Includes index.
|
| 541 |
1 |
|
|e 00021127
|
| 650 |
|
0 |
|a Data transmission systems.
|
| 650 |
|
0 |
|a Computer networks.
|
| 852 |
4 |
|
|a Ayesha Abed Library
|j General shelf
|
| 999 |
|
|
|c 9632
|d 9632
|
| 952 |
|
|
|0 0
|1 0
|2 ddc
|4 0
|6 004_600000000000000_TOM_2002
|7 0
|9 12252
|a BRACUL
|b BRACUL
|c GEN
|d 2010-10-04
|g 577.50
|l 10
|m 75
|o 004.6 TOM
|p 3010021127
|r 2026-01-12
|s 2026-01-09
|t 1
|w 2010-10-04
|y BK
|